Zoo animals / (Record no. 111838)
[ view plain ]
| 000 -LEADER | |
|---|---|
| fixed length control field | 00539nam a2200181 a 4500 |
| 001 - CONTROL NUMBER | |
| control field | 2505 |
| 005 - DATE AND TIME OF LATEST TRANSACTION | |
| control field | 20140414131923.0 |
| 008 - FIXED-LENGTH DATA ELEMENTS--GENERAL INFORMATION | |
| fixed length control field | 050602s19uu xx 00 eng d |
| 020 ## - INTERNATIONAL STANDARD BOOK NUMBER | |
| International Standard Book Number | 0-7214-2973-4 |
| 050 ## - LIBRARY OF CONGRESS CALL NUMBER | |
| Classification number | ER |
| Item number | Zo1 1999 |
| 100 ## - MAIN ENTRY--PERSONAL NAME | |
| Personal name | Butterfield, Moira |
| 245 ## - TITLE STATEMENT | |
| Title | Zoo animals / |
| Statement of responsibility, etc | by Moira Butterfield ; illustrated by Caroline Jayne Church. |
| 260 ## - PUBLICATION, DISTRIBUTION, ETC. (IMPRINT) | |
| Place of publication, distribution, etc | Leicestershire, UK : |
| Name of publisher, distributor, etc | Ladybird Books, |
| Date of publication, distribution, etc | 1999. |
| 300 ## - PHYSICAL DESCRIPTION | |
| Extent | 1 v. p. : ill. ; cm. |
| 440 ## - SERIES STATEMENT/ADDED ENTRY--TITLE | |
| Title | Look and talk |
| 650 ## - SUBJECT ADDED ENTRY--TOPICAL TERM | |
| Topical term or geographic name as entry element | Animals |
| General subdivision | Juvenile literature. |
| Withdrawn status | Lost status | Damaged status | Use restrictions | Home library | Current library | Shelving location | Date acquired | Source of acquisition | Total Checkouts | Full call number | Barcode | Date last seen | Price effective from | Koha item type |
|---|---|---|---|---|---|---|---|---|---|---|---|---|---|---|
| Munich Library | Munich Library | Easy Reading Section | 06/02/2005 | ER Zo1 1999 | M2740 | 04/14/2014 | 04/14/2014 | Books |